000
00188 a2200097 4500
001
5034
100
_a
Goodwin,HL
245
_a
Space travel
260
_a
_b
Hareap
_c
090
_c
4188
_d
4188
942
_a
NUST-CAE
_c
M
_c
30476
999
_c
240107
_d
240107